000 00254nam a2200109Ia 4500
008 240625s9999 xx 000 0 und d
041 _aeng
082 _a519.5 SHA
100 _aSHARMA SUBHASH
245 _aAPPLIED MULTIVARIATE TECHNIQUES
260 _c1996
999 _c35209
_d35209